CDS AND BEYOND: (Record no. 183192)

MARC details
000 -LEADER
fixed length control field 00594 a2200181 4500
005 - DATE AND TIME OF LATEST TRANSACTION
control field 20211220124706.0
010 ## - LCCN (DPL NO)
LC control number ENG-130420
020 ## - INTERNATIONAL STANDARD BOOK NUMBER
International Standard Book Number 978-81-952858-4-6
Terms of availability 1080.00
035 ## - SYSTEM CONTROL NUMBER
System control number EN-113952
037 ## - SOURCE OF ACQUISITION
Source of stock number/acquisition DBAD/PUB
082 ## - DEWEY DECIMAL CLASSIFICATION NUMBER
Classification number 335.033054
Item number 1
100 ## - MAIN ENTRY--PERSONAL NAME
Personal name Chadha, Vivek
245 ## - TITLE STATEMENT
Title CDS AND BEYOND:
Statement of responsibility, etc Vivek Chadha
Remainder of title Integration of the Indian Armed Forces
260 ## - PUBLICATION, DISTRIBUTION, ETC. (IMPRINT)
Place of publication, distribution, etc New Delhi
Name of publisher, distributor, etc KW Publishers Pvt Ltd.
Date of publication, distribution, etc 2021
270 ## - ADDRESS
Address 4676/21, First Floor, Ansari Road, Daryaganj
City New Delhi
Postal code 110002
300 ## - PHYSICAL DESCRIPTION
Extent vii,170p.
Dimensions 21cm (hbk)
942 ## - ADDED ENTRY ELEMENTS (KOHA)
Institution code [OBSOLETE] dpl
Item type English Books
Source of classification or shelving scheme Dewey Decimal Classification
Classification part 355.033054
Call number suffix CHA
Holdings
Withdrawn status Lost status Not for loan Collection code Home library Current library Date acquired Source of acquisition Cost, normal purchase price Full call number Barcode Copy number Cost, replacement price Koha item type
      Non-fiction Mobile Library Mobile Library 20/12/2021 DBAD/PUB 1080.00 355.033054 CHA EN-113952 1 1080.00 English Books

© Delhi Public Library
Hit Counter
free hit counter